Startupy pôsobiace v oblasti zdieľanej ekonomiky diplomová práca

Guardado en:
Detalles Bibliográficos
Autor principal: Vaňovičová, Michaela
Autor Corporativo: Fakulta podnikového manažmentu EU. Katedra podnikových financií
Otros Autores: Smorada, Marián, 1984-
Formato: Libro
Lenguaje:eslovaco
Publicado: Bratislava 2018
Etiquetas: Agregar Etiqueta
Sin Etiquetas, Sea el primero en etiquetar este registro!

MARC

LEADER 00000nbm a2200000 4500
001 0244607
005 20181001111530.7
041 0 |a slo 
044 |a SK 
245 1 0 |a Startupy pôsobiace v oblasti zdieľanej ekonomiky  |b diplomová práca  |c Michaela Vaňovičová ; školiteľ: Marián Smorada 
264 1 |a Bratislava  |c 2018 
300 |a 73 s. 
100 1 |a Vaňovičová, Michaela 
700 1 |a Smorada, Marián, 1984- 
710 2 |a Fakulta podnikového manažmentu EU. Katedra podnikových financií